000 00689nam a2200241 a 4500
001 16658
003 BD-RjUL
005 20211209000033.0
008 140215r1975 enk 000 0 eng d
020 _a0712102825
020 _a0712107959 (ISE)
035 _a(BD-RjUL)16713
040 _aBD-RjUL
_beng
_cBD-RjUL
_dBD-RjUL
041 _aeng
082 _a650
_bSTB 1975
100 1 _aStafford, L. W. T.
_q(Leonard Walter Tolefree)
_951452
245 1 0 _aBusiness mathematics /
_cL.W.T. Stafford
260 _aLondon :
_bMacdonald & Evans,
_g1975.
300 _axiv, 384 p :
_c19 cm.
650 0 _aBusiness mathematics
_951453
830 0 _aM. & E. handbook series
_914321
942 _2ddc
_cBK
999 _c16658
_d16658